000 00362nam a2200133Ia 4500
005 20260328104319.0
008 260328s9999||||xx |||||||||||||| ||und||
100 _aMeltzer, Graham
245 0 _aSustainable Community learning from the cohousing model /
_cGraham Meltzer
260 _bTrafford
300 _a179 p.
650 _aARQUITECTURA CIVIL
942 _cBK
999 _c11294
_d11294